Quizzes
Events
Quiz Creation
Community
Videos
Private Events
Remove Ads
Sign In
Join for FREE
Feedback
Dark Mode
Quiz Categories
Sports
Geography
Music
Movies
Television
Just For Fun
Miscellaneous
History
Literature
Language
Science
Gaming
Entertainment
Religion
Holiday
For Kids
Quiz Lab
Recent
Popular Today
Quiz Kudos Today
Editor Picks
Curator Picks
Quizzes by...
Day
Popularity
Type
Ratings
Length
Year
Community
Subscriptions
Recent Discussions
Orange Saloon
Badges
Playlists
Quests
Create
Leaderboards
Showdown
Live 5
Trivia Bingo
Activity
Puzzle Library
Sporcle Events
Private Events
Virtual Trivia
Globe League
Become a Host
Pub Owners
SporcleCon
Opinionation
Our Games
Videos
Blog
Mobile Apps
Partnerships
Remove Ads and Go Orange
Feedback
Sports
Athletes
MLB
NBA
NHL
NFL
Soccer
Sports Teams
WWE
NCAA
Football
Premier League
Basketball
Baseball
Hockey
Golf
Tennis
Cricket
Rugby
Auto Racing
Olympics
World Cup
Sports
Athletes
MLB
NBA
NHL
NFL
Soccer
Sports Teams
WWE
NCAA
Football
Premier League
Basketball
Baseball
Hockey
Golf
Tennis
Cricket
Rugby
Auto Racing
Olympics
World Cup
Random Quiz
Search Sporcle
×
Quiz Lab
Quiz Lab
Sports
Premier League
Type in answers that appear in a list
Type in answers that appear in a list
Classic
Best Score? Go Orange.
Top 31 Scandinavian EPL Scorers Stats
Can you name the Top 31 English Premier League goalscorers from Denmark, Iceland, Sweden, Norway and Finland?
By
BicycleStipe
10m
31 Questions
6,980 Plays
6,980 Plays
6,980 Plays
Comments
Comments
Give Quiz Kudos
Give Quiz Kudos
-
- Ratings
hide this ad
Replay
Link that replays current quiz
Next Quiz
Link to next quiz in quiz playlist
You Got
0%
They Got
Avg Score
36%
Avg Friend Score
Upgrade to see
Score Distribution
Jump to the score distribution portion of the page
Score
0/31
Timer
10:00
1
Play Today
Goals
Player
% Correct
92
Ole Gunnar Solskjær
81.1%
21
Sebastian Larsson
69.1%
55
Eiður Guðjohnsen
68.6%
38
Tore Andre Flo
63.1%
9
Jostein Flo
62.3%
48
Fredrik Ljungberg
58.7%
38
John Carew
57.5%
30
Nicklas Bendtner
54.2%
21
John Arne Riise
52.3%
34
Mikael Forssell
45.1%
34
Morten Gamst Pedersen
43.9%
22
Sami Hyypiä
41.3%
40
Steffen Iversen
40.9%
22
Henrik Pedersen
40.9%
30
Øyvind Leonhardsen
32.5%
27
Jonatan Johansson
28.8%
Goals
Player
% Correct
18
Johan Elmander
28.1%
10
Anders Svensson
27.9%
10
Mathias Svensson
27.7%
20
Claus Jensen
26.9%
24
Jan Åge Fjørtoft
26.5%
29
Egil Østenstad
22.2%
11
Thomas Gravesen
19.5%
14
Hermann Hreidarsson
18.3%
12
Niclas Alexandersson
18.2%
27
Heidar Helguson
17.7%
18
Alf-Inge Haaland
14%
12
Allan Nielsen
13.7%
14
Lars Bohinen
13.2%
10
Gunnar Halle
11.5%
12
Jo Tessem
9.4%
Quiz Playlist
Details
Report
Send in Message
Add To Playlist
Classic:
Type in answers that appear in a list
Quiz Source
Last Updated: Feb 16, 2017
Quiz Scoreboard
CHALLENGE
Sign Up to Join the Scoreboard
Show All
Scores
Hide
Comments
May contain spoilers
Recently Published
Presidents Visiting Landmarks
by Hejman
History
7m
An Introduction to Baseball
by treessimontrees
Sports
5m
Movies - When Are They Set?
by FPL_Elf
Movies
5m
More to Explore
Quiz From the Vault
Featured Blog Post
Where Did the Easter Bunny Come From?
hide this ad
You Might Also Like...
Tags
Premier League Quiz
Denmark
English
Finland
goal
Goal Scorers
Iceland
League
Norway
Player
Premier
Scandinavian
Scorer
Sweden
Top 31
Today's Top Quizzes in Sports
Browse Sports
hide this ad
Today's Top Quizzes in Premier League
Browse Premier League
Top Contributed Quizzes in Sports
1
Les meilleurs buteurs des matchs entre le PSG et l’OM
2
2022 World Cup Stars
3
FIFA Club World Cup Champions
4
Les entraîneurs de l'OM et du PSG au 21e siècle
5
Name the Premier League winners with different clubs
6
La finale Lions - Afrique du Sud 2021
7
England Test cricketers to play under Nasser Hussain
8
5-to-1: UK Sports Teams
9
Les joueurs passés par le LOSC et le RC Lens
10
Criteria MLB: Left Handed Sluggers
Explore More
Trending Topics
Disney
Harry Potter
Kpop
NBA
Anime
Marvel
Crossword
Country
Pokémon
The Office
WWE
Puzzle
Soccer
Song
NFL
hide this ad
More By:
BicycleStipe
Quiz
Plays
Rating
Category
Featured
Created
Premier League Arsenal's Top Scorers
312,182
4.50
Sports
Oct 10, 2009
Premier League Chelsea's Top Scorers
186,114
4.01
Sports
Oct 11, 2009
Premier League Appearances (Arsenal)
120,214
4.35
Sports
Nov 4, 2009
Premier League Tottenham's Top Scorers
118,182
4.26
Sports
Nov 2, 2009
Premier League Manchester City Top Scorers
109,155
4.12
Sports
Nov 2, 2009
Go to Creator's Profile
Score Distribution
Quiz Creator Spotlight
BicycleStipe
Follow
Send a Message
Quizzes Created
-
Created Quiz Play Count
-
More By This Creator
Popular Quizzes Today
1
Find the US States - No Outlines Minefield
2
Find the Countries of Europe - No Outlines Minefield
3
The Countries of the World
4
Find the US States
5
Popular People in 1961
6
US States
7
Risky Map Clicking: Biggest States A-Z
8
1-10 Letter E Words III
More Sports Quizzes
Who's That Holding the FA Cup Trophy?
Quiz Lab
Trending Quizzes
Risky Map Clicking: Least Populous States A-Z
1-10 Letter G Words
1-10 Letter F Words
One Thing in Common: United Kingdom
Risky Map Clicking: Next State Alphabetically
Recently Updated
Leaping Animals
pecheneg
Reality TV Shows (A-Z)
bhenderson79
Rickey Henderson's Hall of Fame Teammates
pecheneg
Champions League XIs: Arsenal
pecheneg
Quick Pick: Celebrities in WWE's Hall of Fame
aduchscher
A-Z Keypad Blitz II
pecheneg
Multiple Oscar Actors
pecheneg
Mystery Phrase Blitz: Oscar 'Best Actors'
pecheneg
F. Scott Fitzgerald Novels
LTH
Pick 3 Villains
ddd62291
Trending Topics
Marvel
Crossword
Kpop
Anime
Disney
Harry Potter
NBA
WWE
Pokémon
Soccer
Puzzle
NFL
The Office
Country
Song
Your Account Isn't Verified!
In order to create a playlist on Sporcle, you need to verify the email address you used during registration. Go to your
Sporcle Settings
to finish the process.
Report this User
Report this user for behavior that violates our
Community Guidelines
.
Details:
Send Report
Go to the Sporcle.com Mobile Site →
Comments